header

Obesity and adolescence (Record no. 59425)

MARC details
000 -LEADER
fixed length control field 01309nam a2200325 a 4500
082 04 - DEWEY DECIMAL CLASSIFICATION NUMBER
Classification number 616.3/9800835
245 00 - TITLE STATEMENT
Title Obesity and adolescence
260 ## - PUBLICATION, DISTRIBUTION, ETC. (IMPRINT)
Place of publication Hauppauge, N.Y. :
Name of publisher Nova Science Publishers,
Year of publication c2009.
300 ## - PHYSICAL DESCRIPTION
Number of Pages xvii, 295 p.
490 1# - SERIES STATEMENT
Series statement Health and human development series
650 #0 - SUBJECT ADDED ENTRY--TOPICAL TERM
Topical Term Obesity in adolescence.
700 1# - ADDED ENTRY--PERSONAL NAME
Personal name Omar, Hatim A.
856 40 - ELECTRONIC LOCATION AND ACCESS
Uniform Resource Identifier http://site.ebrary.com/lib/rucke/Doc?id=10678042

No items available.

© 2026 Rongo University
Contact us: librarian | system librarian | Rongo university